| 000 | 00730nam a22002297a 4500 | ||
|---|---|---|---|
| 003 | OSt | ||
| 005 | 20220107122714.0 | ||
| 008 | 130524b xxu||||| |||| 00| 0 eng d | ||
| 020 | _a9781107007147 | ||
| 040 | _cIIITM-K | ||
| 082 | 0 | 0 | _a363.7 HAQ/E |
| 245 | 0 | 0 |
_aEnvironmental valuation in South Asia _cedited by A.K. Enamul Haque, M.N. Murty, and Priya Shyamsundar. |
| 260 |
_aCambridge, _bCambridge University Press, _c2011. |
||
| 300 | _axxii, 477p. | ||
| 650 | 0 |
_aENVIRONMENTAL SCIENCE _9425 |
|
| 650 | 0 |
_aENVIRONMENTAL ECONOMICS _91088 |
|
| 650 | 0 |
_aSOUTH ASIA _91089 |
|
| 700 | 1 |
_aHaque, A. K. Enamul. _9427 |
|
| 700 | 1 |
_aMurty, M. N. _q(Maddipati Narasimha), _9428 |
|
| 700 | 1 |
_aShyamsundar, Priya, _9429 |
|
| 942 |
_2ddc _cBK |
||
| 999 |
_c2989 _d2989 |
||